[Event "AUTO-OPEN-1124"]
[Site "http://www.queenalice.com/game.php?id=399579"]
[Date "2008.5.8"]
[Round "1"]
[White "thayan"]
[Black "Brenno"]
[Result "0-1"]
[WhiteElo "1400"]
[BlackElo "1927"]

1. d4 d5 2. Nc3 Nc6 3. g3 Nf6 4. e3 Bg4 5. f3 Bf5 6. f4 Nb4 7. a3 Nxc2+ 8. Kf2
Nxa1 9. Bd2 Nc2 10. e4 Nxe4+ 11. Kg2 Nxd4 12. Bd3 Nxd2 13. Qxd2 c6 14. Bxf5 Nxf5
15. Nf3 Qb6 16. Re1 O-O-O 17. Qd3 g6 18. h4 Bg7 19. Na4 Qa5 20. b3 e6 21. g4
Nxh4+ 22. Nxh4 Qxe1 23. Nf3 Qe4 24. Qd1 Qxf4 25. Qg1 Qxg4+ 26. Kf2 Bd4+ 27. Nxd4
Qxd4+ 28. Kf1 Qxg1+ 29. Kxg1 h5 30. Nc5 d4 31. a4 d3 32. Nxd3 Rxd3 33. b4 Rhd8
34. Kf1 Rd2 35. Ke1 Rh2 36. Kf1 Rdd2 37. Kg1 Ra2 38. Kf1 Rh1# 0-1

[Event "AUTO-OPEN-1124"]
[Site "http://www.queenalice.com/game.php?id=399580"]
[Date "2008.5.8"]
[Round "1"]
[White "Brenno"]
[Black "thayan"]
[Result "1-0"]
[WhiteElo "2009"]
[BlackElo "1303"]

1. e4 d5 2. exd5 Qxd5 3. Nc3 Qe6+ 4. Qe2 Nc6 5. Qxe6 Bxe6 6. Nb5 O-O-O 7. d3 a6
8. Na3 h6 9. Be3 Nf6 10. O-O-O Nb4 11. c4 h5 12. Kb1 Bf5 13. Nf3 Nxd3 14. Bxd3
Bxd3+ 15. Kc1 Be2 16. Rxd8+ Kxd8 17. Ne5 Kc8 18. Nxf7 Rh7 19. Ng5 Rh8 20. f3 h4
21. Kd2 Rh5 22. Kxe2 e5 23. Ne4 Nd7 24. Rd1 Nb6 25. Bxb6 cxb6 26. Nc2 a5 27. Rd5
Be7 28. c5 bxc5 29. Nxc5 b6 30. Ne4 Kc7 31. Nd4 a4 32. Nc3 Bc5 33. Ne6+ Kc6 34.
Nxg7 Rg5 35. Ne6 Bb4 36. Rd3 Rxg2+ 37. Ke3 Rxb2 38. Nd8+ Kc7 39. Ne6+ Kb7 40.
Nd5 Be1 41. a3 Bf2+ 42. Ke4 Re2+ 43. Kf5 h3 44. Nd8+ Ka6 45. Nc6 1-0

[Event "AUTO-OPEN-1124"]
[Site "http://www.queenalice.com/game.php?id=399581"]
[Date "2008.5.8"]
[Round "1"]
[White "thayan"]
[Black "ricardosf"]
[Result "0-1"]
[WhiteElo "1390"]
[BlackElo "1367"]

1. d4 Nc6 2. e4 g6 3. Qf3 Nxd4 4. Qc3 Bg7 5. Be3 b5 6. Bxd4 Bxd4 7. Qxd4 f6 8.
Bxb5 e5 9. Qd5 Ne7 10. Qxa8 f5 11. Nc3 fxe4 12. Nxe4 c6 13. Nd6+ Kf8 14. Ba4 Kg7
15. Qxa7 Nd5 16. Ne2 Qe7 17. Nxc8 Qd8 0-1

[Event "AUTO-OPEN-1124"]
[Site "http://www.queenalice.com/game.php?id=399582"]
[Date "2008.5.8"]
[Round "1"]
[White "ricardosf"]
[Black "thayan"]
[Result "1-0"]
[WhiteElo "1400"]
[BlackElo "1357"]

1. b3 d5 2. g3 Nf6 3. Bh3 Bxh3 4. Nxh3 e5 5. f4 e4 6. Ba3 Bxa3 7. Nxa3 Qd6 8.
Nb5 Qc5 9. a4 O-O 10. Ng5 Nbd7 11. d3 exd3 12. Qxd3 a6 13. Nc3 g6 14. f5 gxf5
15. Qxf5 d4 16. Nxf7 Rxf7 17. Qxc5 Nxc5 18. Nd1 1-0

[Event "rafajeff"]
[Site "http://www.queenalice.com/game.php?id=407525"]
[Date "2008.5.24"]
[Round "1"]
[White "Andre2000"]
[Black "thayan"]
[Result "1-0"]
[WhiteElo "1475"]
[BlackElo "1417"]

1. e4 d5 2. e5 Nc6 3. Nf3 Bg4 4. Nc3 Nxe5 5. Be2 Bxf3 6. gxf3 a6 7. d4 Nc6 8.
Na4 Qd7 9. Nc5 Qf5 10. Nxb7 e5 11. Bd3 Qc8 12. Nc5 Bxc5 13. c3 exd4 14. Qe2+
Nge7 15. b4 Bd6 16. c4 Qe6 17. Qxe6 fxe6 18. Rg1 Bxh2 19. Rxg7 Ne5 20. Bc2 Rb8
21. Rb1 Nxf3+ 22. Kf1 Rg8 23. Rxh7 Be5 24. b5 axb5 25. cxb5 Rg1+ 26. Ke2 Ne1 27.
Ba4 1-0

[Event "AUTO-INT-918"]
[Site "http://www.queenalice.com/game.php?id=410843"]
[Date "2008.5.31"]
[Round "1"]
[White "thayan"]
[Black "GGeiks"]
[Result "0-1"]
[WhiteElo "1478"]
[BlackElo "1500"]

1. d4 Nf6 2. Nc3 e6 3. e4 d5 4. e5 Nfd7 5. Bd3 c5 6. Nf3 Nc6 7. Be3 a6 8. a3 Qb6
9. Rb1 cxd4 10. Bf4 dxc3 11. bxc3 Qa5 12. h3 Qxc3+ 13. Nd2 Ndxe5 14. Rb3 Nxd3+
15. cxd3 Qf6 16. Rb6 Qxf4 17. g3 Qf6 18. Rf1 Bc5 19. Rb3 Nd4 20. Rc3 Qe5+ 21.
Ne4 dxe4 22. Kd2 Nf3+ 23. Kc2 Bd7 24. Kb2 Bd4 25. dxe4 Bxc3+ 26. Kb3 Qb5+ 27.
Kxc3 Rc8# 0-1

[Event "AUTO-INT-918"]
[Site "http://www.queenalice.com/game.php?id=410844"]
[Date "2008.5.31"]
[Round "1"]
[White "GGeiks"]
[Black "thayan"]
[Result "1-0"]
[WhiteElo "1689"]
[BlackElo "1478"]

1. e4 d5 2. exd5 Qxd5 3. Nc3 Qe6+ 4. Nge2 Qg6 5. g3 Qc6 6. Rg1 e6 7. Bg2 Qd6 8.
d4 e5 9. dxe5 Qxe5 10. Bf4 Qf6 11. Nd5 Qd8 12. Nxc7+ Ke7 13. Qxd8+ Kxd8 14.
O-O-O+ Ke7 15. Bd6+ Kd8 16. Bxf8+ Kxc7 17. Bxg7 Bg4 18. f3 Be6 19. Bxh8 f6 20.
Nd4 Bc4 21. b3 Ba6 22. Ne6+ Kc6 23. f4+ Kb5 24. c4+ Kb4 25. Kb2 Nc6 26. Rd5 Nge7
27. a3# 1-0

[Event "AUTO-INT-918"]
[Site "http://www.queenalice.com/game.php?id=410845"]
[Date "2008.5.31"]
[Round "1"]
[White "thayan"]
[Black "Cartucho"]
[Result "0-1"]
[WhiteElo "1478"]
[BlackElo "1502"]

1. d4 d5 2. g3 Nc6 3. e3 Nf6 4. Bb5 a6 5. Bxc6+ bxc6 6. Nc3 Bf5 7. Nge2 Bg4 8.
a3 Ne4 9. O-O Bf3 10. Qd3 Qc8 11. Nf4 g5 12. b4 gxf4 13. exf4 Qg4 14. Re1 Rg8
15. Re3 Bh1 16. Kxh1 Nxf2+ 17. Kg1 Nxd3 18. Ne2 Nxc1 19. Nxc1 Qd1+ 20. Kf2 Qh1
21. Re1 Qxh2+ 22. Kf3 Rxg3# 0-1

[Event "AUTO-INT-918"]
[Site "http://www.queenalice.com/game.php?id=410846"]
[Date "2008.5.31"]
[Round "1"]
[White "Cartucho"]
[Black "thayan"]
[Result "1-0"]
[WhiteElo "1727"]
[BlackElo "1442"]

1. c4 Nf6 2. Nc3 e5 3. e4 b6 4. d3 Bb4 5. Bg5 h6 6. Bd2 Bxc3 7. Bxc3 d6 8. h3
Bb7 9. Be2 Qd7 10. Nf3 Nc6 11. a4 O-O-O 12. a5 bxa5 13. Bxa5 a6 14. b4 Nxa5 15.
Rxa5 g5 16. Qa1 Rde8 17. b5 Kd8 18. bxa6 Bc6 19. d4 Ke7 20. dxe5 dxe5 21. O-O
Nxe4 22. Rd1 Qe6 23. Rxe5 Qxe5 24. Qxe5+ Kf8 25. Qxh8+ Ke7 26. Qxh6 Nc3 27. Qxc6
Nxe2+ 28. Kh2 Nc3 29. Re1+ Kf8 30. Qxe8+ Kg7 31. Nxg5 Nd5 32. Qxf7+ Kh6 33. Re6+
Kxg5 34. Rg6+ Kh5 35. Qh7# 1-0

[Event "AUTO-INT-918"]
[Site "http://www.queenalice.com/game.php?id=410847"]
[Date "2008.5.31"]
[Round "1"]
[White "thayan"]
[Black "malcon_2006"]
[Result "0-1"]
[WhiteElo "1450"]
[BlackElo "1601"]

1. d4 e6 2. e4 Qf6 3. Nf3 g6 4. h4 Nc6 5. Qe2 Nh6 6. Bg5 Qg7 7. e5 b6 8. Bf6 Qg8
9. Bxh8 Qxh8 10. Nbd2 Bb7 11. c4 Nb4 12. Qe4 Bxe4 13. Nxe4 Nc2+ 0-1

[Event "AUTO-INT-918"]
[Site "http://www.queenalice.com/game.php?id=410848"]
[Date "2008.5.31"]
[Round "1"]
[White "malcon_2006"]
[Black "thayan"]
[Result "1-0"]
[WhiteElo "1611"]
[BlackElo "1440"]

1. e4 d5 2. Qf3 Nf6 3. g3 a6 4. b3 dxe4 5. Qf4 Nc6 6. Ba3 e5 7. Qe3 Ng4 8. Qxe4
Nf6 9. Qf3 Bg4 10. Qe3 Qd6 11. h3 Bf5 12. Bxd6 cxd6 13. Qg5 Ne4 14. Qxf5 1-0

[Event "AUTO-INT-920"]
[Site "http://www.queenalice.com/game.php?id=411833"]
[Date "2008.6.2"]
[Round "1"]
[White "SGrillo"]
[Black "thayan"]
[Result "1-0"]
[WhiteElo "1676"]
[BlackElo "1330"]

1. e4 e5 2. Nf3 f6 3. Bc4 Ne7 4. O-O d5 5. exd5 Nxd5 6. Bxd5 Qxd5 7. h3 Nd7 8.
d3 c5 9. Nc3 Qc6 10. Be3 b5 11. a3 Bd6 12. Nd2 Bb7 13. Qf3 Qb6 14. Qh5+ g6 15.
Qh6 Qc6 16. f3 f5 17. Qh4 h6 18. Nb3 Bc7 19. Qf2 O-O-O 20. Nxc5 1-0

[Event "AUTO-INT-920"]
[Site "http://www.queenalice.com/game.php?id=411834"]
[Date "2008.6.2"]
[Round "1"]
[White "thayan"]
[Black "SGrillo"]
[Result "0-1"]
[WhiteElo "1328"]
[BlackElo "1678"]

1. Nc3 c6 2. f4 d5 3. d4 Bf5 4. Nf3 e6 5. g3 Bb4 6. a3 Bxc3+ 7. bxc3 Be4 8. Be3
Nf6 9. h3 Bxf3 10. exf3 O-O 11. g4 h6 12. Qd3 Nbd7 13. Be2 Nh7 14. h4 Nb6 15. g5
h5 16. Rb1 g6 17. a4 Nxa4 18. Rxb7 Qc8 19. Rb4 Nb6 0-1

[Event "AUTO-INT-920"]
[Site "http://www.queenalice.com/game.php?id=411849"]
[Date "2008.6.2"]
[Round "1"]
[White "ZUMBI"]
[Black "thayan"]
[Result "1-0"]
[WhiteElo "1745"]
[BlackElo "1427"]

1. e4 d5 2. exd5 e5 3. Nc3 Bb4 4. Nf3 Bxc3 5. dxc3 Nf6 6. Bc4 O-O 7. Nxe5 Re8 8.
Bf4 Qd6 9. Qe2 Bg4 10. f3 Bf5 11. O-O-O Qb6 12. Be3 Qd6 13. f4 a6 14. h4 Bg4 15.
Nxg4 Ne4 16. h5 Ng3 17. Qf3 Nxh1 18. Rxh1 1-0

[Event "AUTO-INT-920"]
[Site "http://www.queenalice.com/game.php?id=411850"]
[Date "2008.6.2"]
[Round "1"]
[White "thayan"]
[Black "ZUMBI"]
[Result "0-1"]
[WhiteElo "1431"]
[BlackElo "1741"]

1. Nf3 g6 2. d4 Bg7 3. g4 Nf6 4. Nc3 Nxg4 5. h3 Nf6 6. Qd3 d5 7. Qb5+ c6 8. Qc5
b6 9. Qa3 O-O 10. Bg5 Ba6 11. e3 Bxf1 12. Bxf6 Bxf6 13. Rxf1 a5 14. b3 Re8 15.
b4 a4 16. Nxa4 b5 17. Qc3 Rxa4 18. Rg1 Na6 0-1

[Event "PGxLS"]
[Site "http://www.queenalice.com/game.php?id=416297"]
[Date "2008.6.11"]
[Round "-"]
[White "thayan"]
[Black "gomestrovao"]
[Result "0-1"]
[WhiteElo "1286"]
[BlackElo "1837"]

1. d4 d5 2. e3 Bf5 3. h3 e6 4. g4 Bg6 5. a3 Bd6 6. Nf3 h6 7. Nc3 a6 8. h4 Nf6 9.
h5 Bh7 10. Bd3 Bxd3 11. Qxd3 Nxg4 12. Rg1 f5 13. b4 c6 14. Bd2 Nd7 0-1